000 00534nam a22001937a 4500
003 KOHA_MİRAKIL
005 20251124074217.0
008 251124b tu ||||| |||| 00| 0 tur d
020 _a9789753426459
040 _aTR-AnABB
_btur
_cTR-AnABB
041 _atur
082 _a828.3354
_bFRE 2007
100 1 _aFreely, Maureen,
245 1 0 _aAydınlanma /
_cMaureen Freely
260 _aİstanbul :
_bMetis Yayıncılık,
_c2007
300 _a452 sayfa ;
_c20 cm
650 0 4 _aAmerikan edebiyatı, roman
942 _2ddc
_cBK
999 _c9578
_d9578
900 _bGizem YORULMAZ